The perishable empire : essays on Indian writing in English (Record no. 57308)
[ view plain ]
| 000 -LEADER | |
|---|---|
| fixed length control field | 00736nam a2200229Ia 4500 |
| 005 - DATE AND TIME OF LATEST TRANSACTION | |
| control field | 20260629163254.0 |
| 008 - FIXED-LENGTH DATA ELEMENTS--GENERAL INFORMATION | |
| fixed length control field | 260629s9999||||xx |||||||||||||| ||und|| |
| 020 ## - INTERNATIONAL STANDARD BOOK NUMBER | |
| International Standard Book Number | 195662709 |
| 020 ## - INTERNATIONAL STANDARD BOOK NUMBER | |
| International Standard Book Number | 9780195662702 |
| Qualifying information | pbk |
| 082 ## - DEWEY DECIMAL CLASSIFICATION NUMBER | |
| Classification number | 820.954 |
| Item number | MUK |
| 100 ## - MAIN ENTRY--PERSONAL NAME | |
| Personal name | Mukherjee, Meenakshi |
| 245 #4 - TITLE STATEMENT | |
| Title | The perishable empire : essays on Indian writing in English |
| 250 ## - EDITION STATEMENT | |
| Edition statement | 1st ed. 2000 ; pbk ed. 2002 ; 9th imp. 2012 |
| 260 ## - PUBLICATION, DISTRIBUTION, ETC. | |
| Place of publication, distribution, etc. | New Delhi |
| Name of publisher, distributor, etc. | Oxford University Press |
| Date of publication, distribution, etc. | 2002 |
| 300 ## - PHYSICAL DESCRIPTION | |
| Extent | xiii, 212 p. ; 22 cm. |
| 653 ## - INDEX TERM--UNCONTROLLED | |
| Uncontrolled term | Authors, Indic |
| 653 ## - INDEX TERM--UNCONTROLLED | |
| Uncontrolled term | English language—India |
| 653 ## - INDEX TERM--UNCONTROLLED | |
| Uncontrolled term | India in literature |
| 653 ## - INDEX TERM--UNCONTROLLED | |
| Uncontrolled term | Indic literature (English)—History and criticism |
| 653 ## - INDEX TERM--UNCONTROLLED | |
| Uncontrolled term | Postcolonialism in literature |
| 942 ## - ADDED ENTRY ELEMENTS (KOHA) | |
| Koha item type | Book |
| Withdrawn status | Lost status | Damaged status | Not for loan | Home library | Current library | Shelving location | Date acquired | Source of acquisition | Total Checkouts | Full call number | Barcode | Date last seen | Price effective from | Koha item type |
|---|---|---|---|---|---|---|---|---|---|---|---|---|---|---|
| LRC, IIT Indore | LRC, IIT Indore | 2nd Floor - General Stack | 29/06/2026 | Gratis Book Price: INR 255.00 | 820.954 MUK | G2533 | 29/06/2026 | 29/06/2026 | Book |
